The good research guide : (Record no. 708)

000 -LEADER
fixed length control field 01079cam a2200277Ii 4500
003 - CONTROL NUMBER IDENTIFIER
control field OSt
005 - DATE AND TIME OF LATEST TRANSACTION
control field 20210624114623.0
008 - FIXED-LENGTH DATA ELEMENTS--GENERAL INFORMATION
fixed length control field 210624b ||||| |||| 00| 0 eng d
020 ## - INTERNATIONAL STANDARD BOOK NUMBER
International Standard Book Number 9780335226863
020 ## - INTERNATIONAL STANDARD BOOK NUMBER
International Standard Book Number 0335226868
020 ## - INTERNATIONAL STANDARD BOOK NUMBER
Canceled/invalid ISBN 9780335226870
035 ## - SYSTEM CONTROL NUMBER
System control number 999541058
040 ## - CATALOGING SOURCE
Transcribing agency ALUPE UNIVERSITY
050 #4 - LIBRARY OF CONGRESS CALL NUMBER
Classification number H61
Item number .D35 2017
082 14 - DEWEY DECIMAL CLASSIFICATION NUMBER
Classification number 300.72
100 1# - MAIN ENTRY--PERSONAL NAME
Personal name Denscombe, Martyn,
Authority record control number or standard number http://id.loc.gov/authorities/names/n84123458
Relator term author.
245 14 - TITLE STATEMENT
Title The good research guide :
Remainder of title for small-scale social research projects /
Statement of responsibility, etc. Martyn Denscombe.
250 ## - EDITION STATEMENT
Edition statement Sixth edition.
300 ## - PHYSICAL DESCRIPTION
Extent xviii, 394 pages :
Other physical details illustration ;
Dimensions 23 cm
490 1# - SERIES STATEMENT
Series statement Open UP study skills
504 ## - BIBLIOGRAPHY, ETC. NOTE
Bibliography, etc. note Includes bibliographical references and index.
505 0# - FORMATTED CONTENTS NOTE
Formatted contents note Part 1. Strategies for social research -- Part 2. Methods of data collection -- Part 3. Data analysis -- Part 4. Context
650 #0 - SUBJECT ADDED ENTRY--TOPICAL TERM
Topical term or geographic name entry element Research
General subdivision Methodology.
Authority record control number or standard number http://id.loc.gov/authorities/subjects/sh2002009792
830 #0 - SERIES ADDED ENTRY--UNIFORM TITLE
Uniform title Open UP study skills.
Authority record control number or standard number http://id.loc.gov/authorities/names/no2007041355
942 ## - ADDED ENTRY ELEMENTS (KOHA)
Source of classification or shelving scheme
Koha item type Book
Suppress in OPAC MW
Holdings
Withdrawn status Lost status Source of classification or shelving scheme Damaged status Not for loan Permanent Location Current Location Shelving location Date acquired Total Checkouts Total Renewals Full call number Barcode Date last seen Date last checked out Price effective from Public note
          AU LIBRARY AU LIBRARY Open Shelf 16.06.2021 2 1 H61 .D35 2017 28003927 30.11.2022 14.11.2022 16.06.2021 MW

Powered by Koha